000 00795nam a2200217Ii 4500
003 JO-AjNU
008 230605s9999||||xx |||||||||||||| ||und||
017 _a1980/118
040 _aJO-AjNU
_bara
_erda
_cJO-AjNU
041 _aara
050 1 4 _aDS70.95.H87 1980
100 3 _aحسين، صدام,
_eauthor
_957237
245 0 0 _aمعركة الإستقلالية والسياسة الدولية: النص الكامل لوقائع المؤتمر الصحفي للرفيق صدام حسين الذي عقد بتاريخ 18 تموز 1978
250 _aط2
264 3 1 _aد.م: د.ن، 1980
300 _a96ص
336 _atext
_btxt
_2rdacontent
337 _aunmediated
_bn
_2rdamedia
338 _avolume
_bnc
_2rdacarrier
650 4 _aالعراق- السياسة الخارجية
_957238
999 _aA25636
_c29204
_d29204